Report, Calcutta University Commission, 1917-19; Volume 8: (Record no. 18388)

MARC details
000 -LEADER
fixed length control field 00676nam a22001817a 4500
003 - CONTROL NUMBER IDENTIFIER
control field BDDh-ASL
005 - DATE AND TIME OF LATEST TRANSACTION
control field 20231015025714.0
008 - FIXED-LENGTH DATA ELEMENTS--GENERAL INFORMATION
fixed length control field 200928s1919 ii ||||| |||| 001 0 eng d
040 ## - CATALOGING SOURCE
Original cataloging agency BDDh-ASL
Transcribing agency BDDh-ASL
Modifying agency BDDh-ASL
082 ## - DEWEY DECIMAL CLASSIFICATION NUMBER
Classification number 378.5414
Item number REP
110 1# - MAIN ENTRY--CORPORATE NAME
9 (RLIN) 1194
Corporate name or jurisdiction name as entry element Calcutta University Commission
245 10 - TITLE STATEMENT
Title Report, Calcutta University Commission, 1917-19; Volume 8:
Remainder of title evidence and documents, classified replies to the commissioners' questions 1-3/
260 ## - PUBLICATION, DISTRIBUTION, ETC.
Place of publication, distribution, etc. Calcutta:
Name of publisher, distributor, etc. Superintendent Government Printing,
Date of publication, distribution, etc. 1919.
300 ## - PHYSICAL DESCRIPTION
Extent v-8, 416 p. :
Dimensions 24 cm.
500 ## - GENERAL NOTE
General note Includes index.
650 #0 - SUBJECT ADDED ENTRY--TOPICAL TERM
9 (RLIN) 1195
Topical term or geographic name entry element Calcutta University Commission
General subdivision Education
942 ## - ADDED ENTRY ELEMENTS (KOHA)
Source of classification or shelving scheme Dewey Decimal Classification
Koha item type Books
Holdings
Withdrawn status Lost status Source of classification or shelving scheme Damaged status Not for loan Collection code Home library Current library Shelving location Date acquired Source of acquisition Total Checkouts Full call number Barcode Date last seen Copy number Price effective from Koha item type
    Dewey Decimal Classification   Not For Loan Non-fiction Asiatic Society Library Asiatic Society Library Harrison Collection 09/28/2020 Donated by Prof. John B. Harrison   378.5414 REP 101574 09/28/2020 1 09/28/2020 Books

Powered by Koha